| 000 | 00851cam a22002777a 4500 | ||
|---|---|---|---|
| 003 | CHAP | ||
| 005 | 20220329134705.0 | ||
| 008 | 971013s1958 r 00010 d | ||
| 010 | _a24244 | ||
| 011 | _a25216 | ||
| 035 | _a29316 | ||
| 040 | _cCHAP | ||
| 082 |
_a578.4 _bH35 |
||
| 100 | 0 | 0 |
_aHale, Arthur James. _952275 |
| 245 | 1 | 4 | _aThe interference microscope in biological research |
| 260 |
_aEdimburgh : _bLivingstone, _c1958 |
||
| 300 |
_a114 p. _b: ilus. |
||
| 590 |
_aBATCH-UPD _b10 _c20130110 _lUCH01 _h2251 |
||
| 590 |
_aBATCH-UPD _b10 _c20130410 _lUCH01 _h1545 |
||
| 590 |
_aBATCH-UPD _b10 _c20130914 _lUCH01 _h1600 |
||
| 590 |
_aCONVERSION _b10 _c20130109 _lUCH01 _h1314 |
||
| 650 | 1 | 4 |
_aMicroscopio y microscopĂa _xTĂ©cnicas. _975538 |
| 901 | _aBK | ||
| 942 | _cLIBRO | ||
| 949 |
_a578.4 H35 _bBC _cLIBRO _d33724000424347 _eLIBRO _h26695 _i29316 _si |
||
| 999 |
_c24244 _d24244 |
||